Marketing. (Record no. 2672)

MARC details
005 - DATE AND TIME OF LATEST TRANSACTION
control field 20250526133832.0
020 ## - INTERNATIONAL STANDARD BOOK NUMBER
International Standard Book Number 0-7715-0872-7
082 ## - DEWEY DECIMAL CLASSIFICATION NUMBER
Classification number 658.8 FRA
100 ## - MAIN ENTRY--PERSONAL NAME
Author name FRASER, R. G.
245 ## - TITLE STATEMENT
Title Marketing.
260 ## - PUBLICATION, DISTRIBUTION, ETC.
Place of publication, distribution, etc. Agincourt,
Name of publisher, distributor, etc. Gage,
Date of publication, distribution, etc. 1977.
300 ## - PHYSICAL DESCRIPTION
Extent 200p.: ill.; picture
Other physical details Index
Dimensions 23cm.
942 ## - ADDED ENTRY ELEMENTS (KOHA)
Source of classification or shelving scheme Dewey Decimal Classification
Koha item type Books
Holdings
Date last seen Total checkouts Full call number Barcode Cost, replacement price Price effective from Koha item type Lost status Source of classification or shelving scheme Damaged status Not for loan Withdrawn status Home library Current library Shelving location Date acquired Cost, normal purchase price
05/26/2025   658.8 FRA 0000009976 30000.00 05/26/2025 Books   Dewey Decimal Classification       College of Business Education Main Library College of Business Education Main Library General Collection 10/12/1988 10000.00